Les meilleurs buteurs de l'histoire du Toulouse FC - Statistiques

Statistiques générales
  • Ce quiz a été pris 134 fois
    28 depuis la dernière actualisation
  • Le résultat moyen est 4 sur 10
Statistiques - réponses
Buts Nationalité Joueur % Correct
71 France Wissam Ben Yedder
91%
42 France André-Pierre Gignac
77%
40 Danemark Martin Braithwaite
68%
39 Angleterre Rhys Healey
36%
37 Pays-Bas Thijs Dallinga
36%
67 Argentine Alberto Márcico
27%
47 France Gérald Passi
14%
59 France Yannick Stopyra
5%
49 France Francois Calderaro
0%
57 France Robert Pintenat
0%
Aucun quiz correspondant
Distribution des résultats
% des personnes avec chaque résultat
Percentile par nombre de réponses
Votre historique - résultats
Vous n’avez pas pris ce quiz depuis la dernière actualisation